Statistics for Top 500 Novels of All-Time

Click here to take the quiz!

General Stats

  • This quiz has been taken 3,577 times
  • The average score is 101 of 500

Answer Stats

#NovelAuthor% Correct
6Pride and PrejudiceJane Austen
86%
18The Hobbit, or, There and Back AgainJ.R.R. Tolkien
85%
86Nineteen Eighty-FourGeorge Orwell
83%
2Alice's Adventures in WonderlandLewis Carroll
82%
3The Adventures of Huckleberry FinnMark Twain
82%
19Frankenstein, or, the Modern PrometheusMary Shelley
81%
9Moby DickHerman Melville
81%
34The Great GatsbyF. Scott Fitzgerald
80%
1Don QuixoteMiguel de Cervantes
79%
29To Kill a MockingbirdHarper Lee
79%
33Animal FarmGeorge Orwell
78%
28War and PeaceLeo Tolstoy
78%
25DraculaBram Stoker
74%
45Harry Potter and the Sorcerer's StoneJ.K. Rowling
74%
20Oliver TwistCharles Dickens
74%
4The Adventures of Tom SawyerMark Twain
73%
16Little WomenLouisa May Alcott
70%
7Wuthering HeightsEmily Brontë
70%
15A Tale of Two CitiesCharles Dickens
69%
31Les MisérablesVictor Hugo
67%
41The Grapes of WrathJohn Steinbeck
67%
13A Christmas CarolCharles Dickens
66%
5Treasure IslandRobert Louis Stevenson
66%
103Harry Potter and the Prisoner of AzkabanJ.K. Rowling
64%
88The Da Vinci CodeDan Brown
64%
17Great ExpectationsCharles Dickens
63%
8Jane EyreCharlotte Brontë
63%
72The Catcher in the RyeJ.D. Salinger
63%
51The Lion, the Witch, and the WardrobeC.S. Lewis
63%
22Crime and PunishmentFyodor Dostoyevsky
62%
26The Three MusketeersAlexandre Dumas
62%
110The Two TowersJ.R.R. Tolkien
62%
47UlyssesJames Joyce
61%
66Harry Potter and the Chamber of SecretsJ.K. Rowling
60%
378ItStephen King
60%
79Of Mice and MenJohn Steinbeck
60%
87The JungleUpton Sinclair
60%
24The Return of the KingJ.R.R. Tolkien
60%
38Anna KareninaLeo Tolstoy
59%
106Harry Potter and the Goblet of FireJ.K. Rowling
59%
42Sense and SensibilityJane Austen
59%
94The Fellowship of the RingJ.R.R. Tolkien
59%
179Harry Potter and the Deathly HallowsJ.K. Rowling
58%
447Harry Potter and the Half-Blood PrinceJ.K. Rowling
58%
10The Scarlet LetterNathaniel Hawthorne
58%
27Brave New WorldAldous Huxley
57%
11Gulliver's TravelsJonathan Swift
57%
62Lord of the FliesWilliam Golding
57%
50The Old Man and the SeaErnest Hemingway
56%
21Uncle Tom's CabinHarriet Beecher Stowe
54%
3720,000 Leagues Under the SeaJules Verne
52%
14David CopperfieldCharles Dickens
52%
125Harry Potter and the Order of the PhoenixJ.K. Rowling
52%
173The Hunger GamesSuzanne Collins
50%
258LolitaVladimir Vladimirovich Nabokov
49%
35The Little PrinceAntoine de Saint-Exupéry
49%
73Fahrenheit 451Ray Bradbury
48%
36The Call of the WildJack London
48%
49The Count of Monte CristoAlexandre Dumas
47%
166The Handmaid's TaleMargaret Atwood
47%
30The Wizard of OzL. Frank Baum
47%
132TwilightStephanie Meyer
47%
77Gone with the WindMargaret Mitchell
46%
207Murder on the Orient ExpressAgatha Christie
46%
40The Picture of Dorian GrayOscar Wilde
46%
119Around the World in Eighty DaysJules Verne
45%
118Catch-22Joseph Heller
45%
59Peter PanJ.M. Barrie
45%
52The Hunchback of Notre DameVictor Hugo
45%
156The MetamorphosisFranz Kafka
44%
111The War of the WorldsH.G. Wells
44%
97Charlotte's WebE.B. White
43%
239Little House on the PrairieLaura Ingalls Wilder
43%
54One Hundred Years of SolitudeGabriel García Márquez
43%
117On the RoadJack Kerouac
43%
142Robinson CrusoeDaniel Defoe
43%
221The Girl with the Dragon TattooStieg Larsson
43%
398The ShiningStephen King
43%
308Heart of DarknessJoseph Conrad
42%
158James and the Giant PeachRoald Dahl
42%
23Madame Bovary: Patterns of Provincial LifeGustave Flaubert
42%
364A Game of ThronesGeorge R.R. Martin
41%
423CarrieStephen King
41%
257MatildaRoald Dahl
41%
160Angels & DemonsDan Brown
40%
211Slaughterhouse-FiveKurt Vonnegut
39%
162The Bell JarSylvia Plath
39%
146The Kite RunnerKhaled Hosseini
39%
273The Time MachineH.G. Wells
39%
109The Hound of the BaskervillesArthur Conan Doyle
38%
188Through the Looking-Glass, and What Alice Found ThereLewis Carroll
38%
92For Whom the Bell TollsErnest Hemingway
37%
189In Cold BloodTruman Capote
37%
170Prince Caspian: The Return to NarniaC.S. Lewis
37%
68The StrangerAlbert Camus
37%
130RebeccaDaphne Du Maurier
36%
357The ChamberJohn Grisham
36%
60A Farewell to ArmsErnest Hemingway
35%
57Anne of Green GablesL.M. Montgomery
35%
184The Invisible ManH.G. Wells
35%
43The Last of the MohicansJames Fenimore Cooper
35%
121BelovedToni Morrison
34%
116East of EdenJohn Steinbeck
34%
147One Flew Over the Cuckoo's NestKen Kesey
34%
234The BFGRoald Dahl
34%
114The Color PurpleAlice Walker
34%
82White FangJack London
34%
99Bleak HouseCharles Dickens
33%
112MiddlemarchGeorge Eliot
33%
275The Hitchhiker's Guide to the GalaxyDouglas Adams
33%
32The Secret GardenFrances Hodgson Burnett
33%
39The Wind in the WillowsKenneth Grahame
33%
58Black BeautyAnna Sewell
32%
89PersuasionJane Austen
32%
123To the LighthouseVirginia Woolf
32%
244A Clockwork OrangeAnthony Burgess
31%
262The NotebookNicholas Sparks
31%
69The TrialFranz Kafka
31%
75Vanity FairWilliam Makepeace Thackeray
31%
91CandideVoltaire
30%
197Catching FireSuzanne Collins
30%
84Doctor ZhivagoBoris Leonidovich Pasternak
30%
180Invisible ManRalph Ellison
30%
55IvanhoeWalter Scott
30%
178Life of PiYann Martel
30%
129Love in the Time of CholeraGabriel García Márquez
30%
286MockingjaySuzanne Collins
30%
264Atlas ShruggedAyn Rand
29%
430Jurassic ParkMichael Crichton
29%
115Northanger AbbeyJane Austen
29%
44Tess of the d'UrbervillesThomas Hardy
29%
267The FirmJohn Grisham
29%
247The RoadCormac McCarthy
29%
70Lady Chatterley's LoverD.H. Lawrence
28%
90Mansfield ParkJane Austen
28%
135Nicholas NicklebyCharles Dickens
28%
96Sons and LoversD.H. Lawrence
28%
303The Fault in Our StarsJohn Green
28%
202The Pickwick PapersCharles Dickens
28%
12The Pilgrim's ProgressJohn Bunyan
28%
126The Sun Also RisesErnest Hemingway
28%
122Mrs. DallowayVirginia Woolf
27%
140The AlchemistPaulo Coelho
27%
144The IdiotFyodor Dostoyevsky
27%
74A Journey to the Center of the EarthJules Verne
26%
104KimRudyard Kipling
26%
270The Name of the RoseUmberto Eco
26%
161The Voyage of the Dawn TreaderC.S. Lewis
26%
76All Quiet on the Western FrontErich Maria Remarque
25%
46HeidiJohanna Spyri
25%
370InfernoDan Brown
25%
416MiseryStephen King
25%
298AtonementIan McEwan
24%
457Breakfast at Tiffany'sTruman Capote
24%
93Far from the Madding CrowdThomas Hardy
24%
297The Pelican BriefJohn Grisham
24%
105The Sound and the FuryWilliam Faulkner
24%
420The WitchesRoald Dahl
24%
279And Then There Were NoneAgatha Christie
23%
133A Passage to IndiaE.M. Forster
23%
222A Room with a ViewE.M. Forster
23%
168The Old Curiosity ShopCharles Dickens
23%
56The Red Badge of CourageStephen Crane
23%
237The SilmarillionJ.R.R. Tolkien
23%
172The Silver ChairC.S. Lewis
23%
373The StandStephen King
23%
101UtopiaThomas More
23%
223Watership DownRichard Adams
23%
64A Portrait of the Artist as a Young ManJames Joyce
22%
120Hard TimesCharles Dickens
22%
131Jude the ObscureThomas Hardy
22%
71Kidnapped: The Adventures of David BalfourRobert Louis Stevenson
22%
169Little DorritCharles Dickens
22%
215Pippi LongstockingAstrid Lindgren
21%
238RootsAlex Haley
21%
193The Book ThiefMarkus Zusak
21%
265The FountainheadAyn Rand
21%
301The Golden CompassPhilip Pullman
21%
208The Lovely BonesAlice Sebold
21%
124The Magician's NephewC.S. Lewis
21%
149The OutsidersS.E. Hinton
21%
281Breaking DawnStephanie Meyer
20%
296Brideshead RevisitedEvelyn Waugh
20%
345Mary PoppinsP.L. Travers
20%
499RoomEmma Donoghue
20%
236The Joy Luck ClubAmy Tan
20%
218The Woman in WhiteWilkie Collins
20%
229Things Fall ApartChinua Achebe
20%
282As I Lay DyingWilliam Faulkner
19%
324Gone GirlGillian Flynn
19%
330The Girl Who Kicked the Hornet's NestStieg Larsson
19%
134The PlagueAlbert Camus
19%
261Are You There God? It's Me, MargaretJudy Blume
18%
108A Wrinkle in TimeMadeleine L'Engle
18%
53PinocchioCarlo Collodi
18%
128Silas MarnerGeorge Eliot
18%
143Tender Is the NightF. Scott Fitzgerald
18%
85The DecameronGiovanni Boccaccio
18%
139The GiverLois Lowry
18%
344The Man in the Iron MaskAlexandre Dumas
18%
269Ender's GameOrson Scott Card
17%
305Finnegans WakeJames Joyce
17%
155The CastleFranz Kafka
17%
194Their Eyes Were Watching GodZora Neale Hurston
17%
153The Last BattleC.S. Lewis
17%
157The Magic MountainThomas Mann
17%
136The PearlJohn Steinbeck
17%
219Absalom, Absalom!William Faulkner
16%
65Lord JimJoseph Conrad
16%
289The ClientJohn Grisham
16%
127The Good EarthPearl S. Buck
16%
159The Horse and His BoyC.S. Lewis
16%
245The Phantom of the OperaGaston Leroux
16%
67The Red & the BlackStendhal
16%
163Women in LoveD.H. Lawrence
16%
481Go Set a WatchmanHarper Lee
15%
185HolesLouis Sachar
15%
340Howards EndE.M. Forster
15%
78My ÁntoniaWilla Cather
15%
186SiddharthaHermann Hasse
15%
113The Age of InnocenceEdith Wharton
15%
213The Bluest EyeToni Morrison
15%
325The Lightning ThiefRick Riordan
15%
335The Master and MargaritaMikhail Bulgakov
15%
151The Mayor of CasterbridgeThomas Hardy
15%
107The Mill on the FlossGeorge Eliot
15%
63The Prince and the PauperMark Twain
15%
478The Remains of the DayKazuo Ishiguro
15%
277A Thousand Splendid SunsKhaled Hosseini
14%
467Diary of a Wimpy KidJeff Kinney
14%
274EragonChristopher Paolini
14%
83Fathers and SonsIvan Sergeevich Turgenev
14%
460OrlandoVirginia Woolf
14%
181SteppenwolfHermann Hasse
14%
358The English PatientMichael Ondaatje
14%
283The Girl Who Played with FireStieg Larsson
14%
382The Maltese FalconDashiell Hammett
14%
167The MoonstoneWilkie Collins
14%
235Cannery RowJohn Steinbeck
13%
259Paper TownsJohn Green
13%
98The Swiss Family RobinsonJohann David Wyss
13%
399The Tenant of Wildfell HallAnne Brontë
13%
81A Connecticut Yankee in King Arthur's CourtMark Twain
12%
232Anne of AvonleaL.M. Montgomery
12%
346Artemis FowlEoin Colfer
12%
271A Time to KillJohn Grisham
12%
485Cat's CradleKurt Vonnegut
12%
307CoralineNeil Gaiman
12%
368Death in VeniceThomas Mann
12%
210Dombey and SonCharles Dickens
12%
216GerminalÉmile Zola
12%
338My Sister's KeeperJodi Picoult
12%
304NostromoJoseph Conrad
12%
176Of Human BondageW. Somerset Maugham
12%
225Our Mutual FriendCharles Dickens
12%
464The Amber SpyglassPhilip Pullman
12%
402The Girl on the TrainPaula Hawkins
12%
214The Little House in the Big WoodsLaura Ingalls Wilder
12%
148The Portrait of a LadyHenry James
12%
343The RainbowD.H. Lawrence
12%
141The Strange Case of Dr. Jekyll and Mr. HydeRobert Louis Stevenson
12%
250VilletteCharlotte Brontë
12%
228All the King's MenRobert Penn Warren
11%
339Barnaby RudgeCharles Dickens
11%
456Looking for AlaskaJohn Green
11%
171Sister CarrieTheodore Dreiser
11%
253Song of SolomonToni Morrison
11%
241Stuart LittleE.B. White
11%
287The Pillars of the EarthKen Follett
11%
95The Return of the NativeThomas Hardy
11%
386The Time Traveler's WifeAudrey Niffenegger
11%
137Ethan FromeEdith Wharton
10%
230Lorna DooneR.D. Blackmore
10%
224Memoirs of a GeishaArthur Golden
10%
240Native SonRichard Wright
10%
165O Pioneers!Willa Cather
10%
491The God of Small ThingsArundhati Roy
10%
190The House of the SpiritsIsabel Allende
10%
380The Poisonwood BibleBarbara Kingsolver
10%
379The RainmakerJohn Grisham
10%
440The Screwtape LettersC.S. Lewis
10%
421The Subtle KnifePhilip Pullman
10%
212An American TragedyTheodore Dreiser
9%
199Death Comes for the ArchbishopWilla Cather
9%
314Go Tell It on the MountainJames Baldwin
9%
145HatchetGary Paulsen
9%
412King Solomon's MinesH. Rider Haggard
9%
393NauseaJean-Paul Sartre
9%
203Remembrance of Things PastMarcel Proust
9%
371Schindler's ListThomas Keneally
9%
455Sophie's ChoiceWilliam Styron
9%
316The Clan of the Cave BearJean M. Auel
9%
251The Curious Incident of the Dog in the Night-TimeMark Haddon
9%
217The Heart Is a Lonely HunterCarson McCullers
9%
206The HelpKathryn Stockett
9%
200The House of MirthEdith Wharton
9%
61The House of the Seven GablesNathaniel Hawthorne
9%
377The Murder of Roger AckroydAgatha Christie
9%
295The Mystery of Edwin DroodCharles Dickens
9%
227The Red PonyJohn Steinbeck
9%
302The Secret Life of BeesSue Monk Kidd
9%
363The Spy Who Came in from the ColdJohn Le Carré
9%
365The Thorn BirdsColleen McCullough
9%
191Adam BedeGeorge Eliot
8%
187A Tree Grows in BrooklynBetty Smith
8%
150Ben-HurLew Wallace
8%
276BuddenbrooksThomas Mann
8%
152Cry, the Beloved CountryAlan Paton
8%
347Dear JohnNicholas Sparks
8%
201Light in AugustWilliam Faulkner
8%
254NanaÉmile Zola
8%
100Père GoriotHonoré de Balzac
8%
389ShirleyCharlotte Brontë
8%
290SulaToni Morrison
8%
268Swann's WayMarcel Proust
8%
311The AmbassadorsHenry James
8%
334The Five People You Meet in HeavenMitch Albom
8%
391The Horse WhispererNicholas Evans
8%
322The Lost SymbolDan Brown
8%
246The Martian ChroniclesRay Bradbury
8%
494The Naked and the DeadNorman Mailer
8%
356The Quiet AmericanGraham Greene
8%
320The Runaway JuryJohn Grisham
8%
495The Sea of MonstersRick Riordan
8%
293Tortilla FlatJohn Steinbeck
8%
490A Prayer for Owen MeanyJohn Irving
7%
407A Walk to RememberNicholas Sparks
7%
183Bridge to TerabithiaKatherine Paterson
7%
349Flowers for AlgernonDaniel Keyes
7%
376Girl with a Pearl EarringTracy Chevalier
7%
448InkheartCornelia Funke
7%
300Like Water for ChocolateLaura Esquivel
7%
266Number the StarsLois Lowry
7%
417The Cider House RulesJohn Irving
7%
48The Complete Sherlock HolmesArthur Conan Doyle
7%
408The Maze RunnerJames Dashner
7%
327The ReaderBernhard Schlink
7%
312The Secret AgentJoseph Conrad
7%
138The Tale of GenjiMurasaki Shikibu
7%
396Anne of the IslandL.M. Montgomery
6%
226BabbittSinclair Lewis
6%
348Cold MountainCharles Frazier
6%
429Dangerous LiaisonsChoderlos de Laclos
6%
195One Day in the Life of Ivan DenisovichAleksandr Isaevich Solzhenitsyn
6%
309On the Banks of Plum CreekLaura Ingalls Wilder
6%
451Ramona the PestBeverly Cleary
6%
473Rob RoyWalter Scott
6%
496Stranger in a Strange LandRobert A. Heinlein
6%
441The FallAlbert Camus
6%
323The Forsyte SagaJohn Galsworthy
6%
355The Graveyard BookNeil Gaiman
6%
313The House on Mango StreetSandra Cisneros
6%
433The LeopardGiuseppe Tomasi di Lampedusa
6%
360The Long WinterLaura Ingalls Wilder
6%
442The No. 1 Ladies' Detective AgencyAlexander McCall Smith
6%
243The Power and the GloryGraham Greene
6%
182The Sorrows of Young WertherJohann Wolfgang von Goethe
6%
315The TestamentJohn Grisham
6%
80The Vicar of WakefieldOliver Goldsmith
6%
427The Wings of the DoveHenry James
6%
174This Side of ParadiseF. Scott Fitzgerald
6%
284Where the Red Fern GrowsWilson Rawls
6%
280A Separate PeaceJohn Knowles
5%
318Because of Winn-DixieKate DiCamillo
5%
317CranfordElizabeth Cleghorn Gaskell
5%
177Dream of the Red ChamberCao Xueqin
5%
372Jonathan Livingston SeagullRichard Bach
5%
256Main StreetSinclair Lewis
5%
366Old YellerFred Gispon
5%
255Quo VadisHenryk Sienkiewicz
5%
291Tales of a Fourth Grade NothingJudy Blume
5%
395The Bridges of Madison CountyRobert James Waller
5%
474The Death of Ivan IlychLeo Tolstoy
5%
445The GunslingerStephen King
5%
252The Mysterious IslandJules Verne
5%
419The Once and Future KingT.H. White
5%
472The Phantom TollboothNorton Juster
5%
458The Razor's EdgeW. Somerset Maugham
5%
392The Street LawyerJohn Grisham
5%
329The Tale of DespereauxKate DiCamillo
5%
461The Things They CarriedTim O'Brien
5%
383The WardenAnthony Trollope
5%
394To Have and Have NotErnest Hemingway
5%
272Water for ElephantsSara Gruen
5%
369By the Shores of Silver LakeLaura Ingalls Wilder
4%
333Chronicle of a Death ForetoldGabriel García Márquez
4%
489Darkness at NoonArthur Koestler
4%
500Deception PointDan Brown
4%
175Eugénie GrandetHonoré de Balzac
4%
470Fried Green Tomatoes at the Whistle-Stop CafeFannie Flagg
4%
450InkspellCornelia Funke
4%
231Johnny TremainEsther Forbes
4%
462Little Town on the PrairieLaura Ingalls Wilder
4%
453Miss Peregrine's Home for Peculiar ChildrenRansom Riggs
4%
449Ramona and Her FatherBeverly Cleary
4%
367Ramona Quimby, Age 8Beverly Cleary
4%
351ResurrectionLeo Tolstoy
4%
359Snow Falling on CedarsDavid Guterson
4%
192The BetrothedAlessandro Manzoni
4%
405The ChoiceNicholas Sparks
4%
487The Heart of the MatterGraham Greene
4%
381The Indian in the CupboardLynne Reid Banks
4%
196The Sea WolfJack London
4%
437These Happy Golden YearsLaura Ingalls Wilder
4%
435The Trumpet of the SwanE.B. White
4%
248The Way of All FleshSamuel Butler
4%
397The Winter of Our DiscontentJohn Steinbeck
4%
164The YearlingMarjorie Kinnan Rawlings
4%
233Tuck EverlastingNatalie Babbitt
4%
299Washington SquareHenry James
4%
336Winesburg, OhioSherwood Anderson
4%
220A Painted HouseJohn Grisham
3%
438ArrowsmithSinclair Lewis
3%
154Captains CourageousRudyard Kipling
3%
411Diary of a Wimpy Kid: The Last StrawJeff Kinney
3%
459DreamcatcherStephen King
3%
263From the Mixed-Up Files of Mrs. Basil E. FrankweilerE.L. Konigsburg
3%
488Harriet, the SpyLouise Foitzhugh
3%
285Le Morte D'ArthurThomas Malory
3%
294Look Homeward, AngelThomas Wolfe
3%
319My Side of the MountainJean Craighead George
3%
463Nights in RodantheNicholas Sparks
3%
198Roll of Thunder, Hear My CryMildred D. Taylor
3%
361Sarah, Plain and TallPatricia MacLachlan
3%
209The AppealJohn Grisham
3%
492The AssociateJohn Grisham
3%
403The Black Arrow: A Tale of the Two RosesRobert Louis Stevenson
3%
306The BrethrenJohn Grisham
3%
205The Bridge of San Luis ReyThornton Wilder
3%
486The Caine MutinyHerman Wouk
3%
350The Dark Is RisingSusan Cooper
3%
332The Killer AngelsMichael Shaara
3%
354The King of TortsJohn Grisham
3%
374The Last JurorJohn Grisham
3%
477The Life and Opinions of Tristram ShandyLaurence Sterne
3%
424The Moon and SixpenceW. Somerset Maugham
3%
321The Mouse and the MotorcycleBeverly Cleary
3%
401The PartnerJohn Grisham
3%
493The ShackWilliam P. Young
3%
384The SummonsJohn Grisham
3%
469The WeddingNicholas Sparks
3%
409The Westing GameEllen Raskin
3%
452Walk Two MoonsSharon Creech
3%
390Bud, Not BuddyChristopher Paul Curtis
2%
242Cross FireJames Patterson
2%
388Daughter of FortuneIsabel Allende
2%
331Dear Mr. HenshawBeverly Cleary
2%
249Diary of a Wimpy Kid: The Long HaulJeff Kinney
2%
385Encyclopedia Brown: Boy DetectiveDonald J. Sobol
2%
466FlatlandEdwin A. Abbott
2%
439Julie of the WolvesJean Craighead George
2%
444Lost HorizonJames Hilton
2%
410Misty of ChincoteagueMarguerite Henry
2%
288Persian LettersMontesquieu
2%
337"P" Is for PerilSue Grafton
2%
310Rebecca of Sunnybrook FarmKate Douglas Smith Wiggin
2%
375ShilohPhyllis Reynolds Naylor
2%
260SounderWilliam H. Armstrong
2%
431The Absolutely True Diary of a Part-Time IndianSherman Alexie
2%
341The BrokerJohn Grisham
2%
454The Chocolate WarRobert Cormier
2%
102The History of Tom Jones, a FoundlingHenry Fielding
2%
387The Incredible JourneySheila Burnford
2%
326The Last Days of PompeiiEdward Bulwer Lytton
2%
436The Lucky OneNicholas Sparks
2%
434The Mammoth HuntersJean M. Auel
2%
413The Princess of ClevesMadame de La Fayett
2%
406The Virginian: A Horseman of the PlainsOwen Wister
2%
278The Witch of Blackbird PondElizabeth George Speare
2%
475Alex Cross's TrialJames Patterson
1%
353A Sentimental Journey Through France and ItalyLaurence Sterne
1%
204Barchester Towers and the WardenAnthony Trollope
1%
482BleachersJohn Grisham
1%
328Caddie WoodlawnCarol Ryrie Brink
1%
480Call It CourageArmstrong Sperry
1%
362Cross CountryJames Patterson
1%
483Elijah of BuxtonChristopher Paul Curtis
1%
352Fearless FourteenJanet Evanovich
1%
400First FamilyDavid Baldacci
1%
414Jacob Have I LovedKatherine Paterson
1%
476KenilworthWalter Scott
1%
418King of the WindMarguerite Henry
1%
426Looking Backward, 2000-1887Edward Bellamy
1%
479M.C. Higgins, the GreatVirginia Hamilton
1%
415Mrs. Frisby and the Rats of NIMHRobert C. O'Brien
1%
484SwimsuitJames Patterson
1%
342The Camel ClubDavid Baldacci
1%
471The Cricket in Times SquareGeorge Selden
1%
432The Grey KingSusan Cooper
1%
425The Higher Power of LuckySusan Patron
1%
468The Memory Keeper's DaughterKim Edwards
1%
292The Merry Adventures of Robin Hood of Great Renown in NottinghamshireHoward Pyle
1%
465The Miraculous Journey of Edward TulaneKate DiCamillo
1%
404The Rise of Silas LaphamWilliam Dea Howells
1%
446The Slave DancerPaula Fox
1%
428The Summer of the SwansBetsy Cromer Byars
1%
498The Whipping BoySid Fleischman
1%
497Vision in WhiteNora Roberts
1%
422When You Reach MeRebecca Stead
1%
443Worst CaseJames Patterson
1%

Score Distribution

Percentile by Number Answered

Percent of People with Each Score

Your Score History

You have not taken this quiz